Fundamentals of retailing : (Record no. 30859)

MARC details
000 -LEADER
fixed length control field 00860nam a22002177a 4500
005 - DATE AND TIME OF LATEST TRANSACTION
control field 2009100804074.0
008 - FIXED-LENGTH DATA ELEMENTS--GENERAL INFORMATION
fixed length control field 091008t xxu||||| |||| 00| 0 eng d
010 ## - LCCN (DPL NO)
LC control number ENG-95102
020 ## - INTERNATIONAL STANDARD BOOK NUMBER
International Standard Book Number 978818488650
Terms of availability 260.00
035 ## - SYSTEM CONTROL NUMBER
System control number EN-78635
037 ## - SOURCE OF ACQUISITION
Source of stock number/acquisition DBAD/PNB
040 ## - CATALOGING SOURCE
Original cataloging agency DPL
Language of cataloging ENG
082 ## - DEWEY DECIMAL CLASSIFICATION NUMBER
Classification number 658.87
100 ## - MAIN ENTRY--PERSONAL NAME
Personal name Tripathi, Aditya Prakash
245 ## - TITLE STATEMENT
Title Fundamentals of retailing :
Statement of responsibility, etc Aditya Prakash Tripathi [and] Noopur Agrawal ; Froeword by B.P.Singh
Remainder of title (text and cases)
260 ## - PUBLICATION, DISTRIBUTION, ETC. (IMPRINT)
Place of publication, distribution, etc Mumbai
Name of publisher, distributor, etc Himalaya Publishing House
Date of publication, distribution, etc 2009
270 ## - ADDRESS
Address Ramdood, Dr. Bhalerao Marg
City Mumbai
Postal code 400004
300 ## - PHYSICAL DESCRIPTION
Extent viii. 331p.
Dimensions 24cm.(Pbk)
942 ## - ADDED ENTRY ELEMENTS (KOHA)
Source of classification or shelving scheme Dewey Decimal Classification
Item type English Books
Call number suffix TRI
Classification part 658.87
Holdings
Withdrawn status Lost status Source of classification or shelving scheme Damaged status Not for loan Collection code Home library Current library Date acquired Source of acquisition Cost, normal purchase price Total Checkouts Full call number Barcode Date last seen Copy number Cost, replacement price Koha item type
    Dewey Decimal Classification   Not For Loan Non-fiction D.B.Act.Division D.B.Act.Division 08/10/2009 DBAD / PUB 260.00   658.87 TRI EN-78635 08/10/2009 1 260.00 English Books

© Delhi Public Library
Hit Counter
free hit counter